Top 10 du Major 3 FNCS du Chapitre 6 - Statistiques

Statistiques générales
  • Ce quiz a été pris 79 fois
  • Le résultat moyen est 7 sur 10
Statistiques - réponses
Place Joueur du trio % Correct
1 Tjino / Pablowingu / Fredoxie
88%
3 Vanyak / Pixie / Marius
88%
2 Vico / Veno / Flickzy
88%
9 Chap / MrSavage / Rezon
81%
8 IDrop / Charyy / Kami
77%
7 Swizzy / Queasy / Merstach
77%
5 Hris / Tayson / Chico
62%
6 Focus / Mikson / Upl
54%
4 Japko / Setty / Panzer
54%
10 Trexer / Mappi / Cheatiin
27%
Aucun quiz correspondant
Distribution des résultats
% des personnes avec chaque résultat
Percentile par nombre de réponses
Votre historique - résultats
Vous n’avez pas pris ce quiz